Story branding 2.0 (Record no. 4994)

MARC details
000 -CABECERA
campo de control de longitud fija 01759nam a22002657a 4500
008 - DATOS DE LONGITUD FIJA--INFORMACIÓN GENERAL
campo de control de longitud fija 251002b |||||||| |||| 00| 0 eng d
020 ## - NÚMERO INTERNACIONAL ESTÁNDAR DEL LIBRO
Número Internacional Estándar del Libro 9781632996558
040 ## - FUENTE DE LA CATALOGACIÓN
Centro/agencia transcriptor tbs
041 ## - CÓDIGO DE LENGUA
Código de lengua del texto/banda sonora o título independiente eng
050 ## - SIGNATURA TOPOGRÁFICA DE LA BIBLIOTECA DEL CONGRESO
Número de clasificación HF5415.1255
Número de documento/Ítem .S5233 2014
100 ## - ENTRADA PRINCIPAL--NOMBRE DE PERSONA
Nombre de persona Signorelli, Jim
9 (RLIN) 25924
Término indicativo de función/relación author
245 ## - MENCIÓN DE TÍTULO
Título Story branding 2.0
Resto del título : creating standout brands through the purpose of story
Mención de responsabilidad, etc. / Jim Signorelli
246 ## - FORMA VARIANTE DE TÍTULO
Título propio/Titulo breve StoryBranding 2.0
246 ## - FORMA VARIANTE DE TÍTULO
Título propio/Titulo breve StoryBranding two
246 ## - FORMA VARIANTE DE TÍTULO
Título propio/Titulo breve Story Branding two
250 ## - MENCIÓN DE EDICIÓN
Mención de edición Second edition.
260 ## - PUBLICACIÓN, DISTRIBUCIÓN, ETC.
Lugar de publicación, distribución, etc. Austin, TX :
Nombre del editor, distribuidor, etc. River Grove Books,
Fecha de publicación, distribución, etc. 2014.
300 ## - DESCRIPCIÓN FÍSICA
Extensión xxiv, 269 pages :
Otras características físicas illustrations ;
Dimensiones 24 cm.
500 ## - NOTA GENERAL
Nota general First ed. published with title StoryBranding
504 ## - NOTA DE BIBLIOGRAFÍA, ETC.
Nota de bibliografía, etc. Includes bibliographical references (pages 255-257) and index
520 ## - SUMARIO, ETC.
Sumario, etc. Brand storytelling is all the rage in marketing. But few books explain how to go about cultivating and promoting that story. This is the book that does.StoryBranding 2.0 is an updated edition of the award-winning, best-selling book that has sparked enthusiasm among marketing luminaries, CEOs, entrepreneurs, and personal branding advocates.Developing your brand’s story must start with an understanding of what a story really is and how it is structured. Then, using this essential structure as scaffolding, you can begin to answer specific questions that will help you develop your brand’s most authentic story—the story that will do the most to capture the hearts and minds of prospects. As your brand sets out to overcome obstacles in order to achieve its goals, you will:• Be guided every step of the way towards defining who your brand is and why it exists.
650 #0 - PUNTO DE ACCESO ADICIONAL DE MATERIA--TÉRMINO DE MATERIA
Término de materia o nombre geográfico como elemento de entrada Branding (Marketing)
9 (RLIN) 6284
650 #0 - PUNTO DE ACCESO ADICIONAL DE MATERIA--TÉRMINO DE MATERIA
Término de materia o nombre geográfico como elemento de entrada Marketing
Subdivisión general Planning
9 (RLIN) 9390
942 ## - ELEMENTOS DE ENTRADA AGREGADA (KOHA)
Fuente del sistema de clasificación o colocación Clasificación de Library of Congress
Holdings
Estado de retiro Estado de pérdida Fuente del sistema de clasificación o colocación Estado dañado No para préstamo Biblioteca de origen Biblioteca actual Fecha de adquisición Total de préstamos Signatura topográfica completa Código de barras Fecha visto por última vez Número de copia Precio válido a partir de Tipo de ítem Koha
    Clasificación de Library of Congress     TBS Barcelona TBS Barcelona 02/10/2025   HF5415.1255 SIG B07638 02/10/2025 1 02/10/2025 Book

Powered by Koha